000 00689nam a2200289Ia 4500
005 20260324115018.0
008 008 260324s9999 xx 000 0 eng d
020 _a9781003081203
037 _aEBOOK
040 _aCRL
040 _beng
040 _cCRL
041 _2eng
041 _aeng
084 _qCRL
100 _aZainul Huda
_91153029
245 0 _aMachining Processes and Machines
245 0 _bFundamentals, Analysis, and Calculations
260 _bTaylor and Francis
260 _c2020
365 _a
365 _b305
856 _uhttp://www.taylorfrancis.com/books/9781003081203
942 _cEBOOK
999 _c1743577
_d1743577